000 01362nam a2200373 i 4500
003 CO-BoRNBP
005 20230411162552.0
007 ta
008 220207t2021 ck ||||| |||| 00| pdspa d
020 _a9789587534290
040 _aCO-BoRNBP
_bspa
_erda
_cCO-BoRNBP
041 0 _aspa
043 _as-ck---
082 0 4 _a860.8
_bM35b9
_223
245 0 0 _aNinguna voz repetirá la mía
_bMeira del Mar
_cprólogo María Antonia León ; edición y compilación Camila Charry Noriega ; corrección Ludwing Cepeda Aparicio
250 _aOctava edición
264 1 _aBogotá, Colombia
_bMinisterio de Cultura
_c2021
264 4 _c©2021
300 _a100 páginas
_c21 cm
336 _atexto
_btxt
_2rdacontent
337 _asin mediación
_bn
_2rdamedia
338 _avolumen
_bnc
_2rdacarrier
490 0 _aBiblioteca de Escritoras Colombianas
_v9
490 0 _aPoesía
500 _aIncluye datos biográficos de la autora
600 1 4 _aMar, Meira del
_d1922-2009
_vBiografías
_91134
650 1 7 _aPoesía colombiana
_ySiglo XIX
_2ARMARC
_91133
650 1 7 _aLiteratura colombiana
_ySiglo XIX
_2ARMARC
_91088
650 1 7 _aAmor en la literatura
_ySiglo XIX
_2ARMARC
_91101
700 1 _aLeón, María Antonia
_eprologuista
_91103
700 1 _aCharry Noriega, Camila
_eeditora
_91125
700 1 _aCepeda Aparicio, Ludwing
_ecorrector
_91092
942 _2ddc
_cBK
999 _c9367
_d9367